Aprender en la escuela

সংরক্ষণ করুন:
গ্রন্থ-পঞ্জীর বিবরন
প্রধান লেখক: Astolfi, Jean-Pierre
বিন্যাস: গ্রন্থ
ভাষা:স্প্যানিশ
প্রকাশিত: Santiago, Chile Dolmen 2000
সংস্করন:Segunda edición
মালা:Estudio
বিষয়গুলি:
ট্যাগগুলো: ট্যাগ যুক্ত করুন
কোনো ট্যাগ নেই, প্রথমজন হিসাবে ট্যাগ করুন!

MARC

LEADER 00000nam a2200000 a 4500
001 UCM5009
003 CL-VaPUC
005 20211009074620.0
008 020927e20000500CL |||||||||||||||||spa|d
999 |c 301312  |d 301310 
040 |c Pontificia Universidad Católica de Valparaíso 
082 0 4 |a 370.15 AST 2000  |2 21 
100 0 |a Astolfi, Jean-Pierre  |9 471277 
245 1 0 |a Aprender en la escuela 
250 |a Segunda edición 
260 0 3 |a Santiago, Chile  |b Dolmen  |c 2000 
300 |a 221 páginas 
490 0 |a Estudio 
583 |a last modification  |c 20020927 00:00:00  |k Rodrigo Vera 
650 0 |a Psicología del aprendizaje  |9 306854 
650 0 |a Psicología educacional   |9 307830 
650 0 |a Aprendizaje   |9 254827 
650 0 |a Memoria  |9 266549 
942 |c BK  |2 ddc 
945 |d 20020927 00:00:00  |a vberengu 
952 |0 0  |1 0  |2 ddc  |4 0  |6 370_150000000000000_AST_2000  |7 0  |8 A  |9 360151  |a BIBCUR  |b BIBCUR  |d 2019-11-21  |i 3842142  |o 370.15 AST 2000  |p 3842142  |r 2025-04-22  |t 1  |w 2019-11-21  |y BK  |k BIO 
952 |0 0  |1 0  |2 ddc  |4 0  |6 370_150000000000000_AST_2000  |7 0  |8 A  |9 360152  |a BIBEDU  |b BIBEDU  |d 2019-11-21  |i 3860590  |o 370.15 AST 2000  |p 3860590  |r 2019-11-21  |t 2  |w 2019-11-21  |y BK  |k EPE